Cartilla agrícola para el cultivo del ramié (Record no. 159676)
[ view plain ]
| 000 -LEADER | |
|---|---|
| campo de control de longitud fija | 00704nam a22001935i 4500 |
| 001 - NÚMERO DE CONTROL | |
| campo de control | 159676 |
| 003 - IDENTIFICADOR DE NÚMERO DE CONTROL | |
| campo de control | ES-MaACL |
| 005 - FECHA Y HORA DE LA ÚLTIMA TRANSACCIÓN | |
| campo de control | 20230906211727.0 |
| 008 - DATOS DE LONGITUD FIJA--INFORMACIÓN GENERAL | |
| campo de control de longitud fija | 040917s1891 sp |||| | spa d |
| 040 ## - FUENTE DE CATALOGACIÓN | |
| Centro catalogador/agencia de origen | CAM |
| Lengua de catalogación | spa |
| Centro/agencia transcriptor | CAM |
| 100 1# - ENTRADA PRINCIPAL--NOMBRE DE PERSONA | |
| Nombre de persona | Millé, Andrés. |
| 9 (RLIN) | 129937 |
| 245 10 - MENCIÓN DEL TÍTULO | |
| Título | Cartilla agrícola para el cultivo del ramié |
| Resto del título | : [con beves notas para su aplicación a la industria] / |
| Mención de responsabilidad, etc. | Andrés Millé. |
| 260 ## - PUBLICACIÓN, DISTRIBUCIÓN, ETC. | |
| Lugar de publicación, distribución, etc. | Almería : |
| Nombre del editor, distribuidor, etc. | [s.n.], |
| Fecha de publicación, distribución, etc. | 1891. |
| 300 ## - DESCRIPCIÓN FÍSICA | |
| Extensión | 31 p. : |
| Otras características físicas | il. ; |
| Dimensiones | 21 cm. |
| 594 ## - Nota al título y mención de responsabilidad | |
| Nota al título y mención de responsabilidad | Subtít. tomado de la cub. |
| 650 #4 - PUNTO DE ACCESO ADICIONAL DE MATERIA--TÉRMINO DE MATERIA | |
| Término de materia o nombre geográfico como elemento de entrada | Ramio. |
| 9 (RLIN) | 136803 |
| 650 04 - PUNTO DE ACCESO ADICIONAL DE MATERIA--TÉRMINO DE MATERIA | |
| Término de materia o nombre geográfico como elemento de entrada | Plantas textiles. |
| 9 (RLIN) | 136709 |
| 852 ## - LOCALIZACIÓN | |
| Ubicación | ES-MaACL |
| Número de control de estantería | T-677-F-3 |
| Nota libre | -- Enc. hol., conservando la cub. original |
| -- | -- Enc. en un vol. facticio |
| Estatus retirado | Estado de pérdida | Estado de daño | No para préstamo | Colección | Biblioteca de origen | Biblioteca actual | Ubicación en estantería | Fecha de adquisición | Total de préstamos | Signatura topográfica completa | Código de barras | Visto por última vez | Precio de reemplazo | Tipo de ítem Koha |
|---|---|---|---|---|---|---|---|---|---|---|---|---|---|---|
| Colección de folletos | Biblioteca del Ateneo de Madrid | Biblioteca del Ateneo de Madrid | Depósito folletos | 17/01/2008 | T-677-F-3 | 1167164 | 23/02/2023 | 23/02/2023 | Folleto |
